00587 a2200193 450000500170000000800410001702000300005804000090008808200240009710000200012124500620014126000360020330000130023965000220025265000220027465000380029665000400033470000190037420260513102508.0260512b |||||||| |||| 00| 0 eng d a9788198748447cRs. 995.00 aMAIN a355.03305491bD491S aDevasher, Tilak aShadow nation: Strategic culture of Pakistan's deep state bPentagon Pressc2025aNew Delhi axiv, 152 aStraregic Culture aNational Security aPakistan- Politics and Government aCivil- Military Relations- Pakistan aSingh, Harsh V